Normal view
MARC view
- López Guzmán, Jorge Alberto
Entry Nombre Personal
001 - NUMERO DE CONTROL
- campo de control: 49881
003 - IDENTIFICADOR DE NUMERO DE CONTROL
- campo de control: UPN
005 - FECHA Y HORA DE LA ÜLTIMA TRANSACCIÓN
- campo de control: 20230905111741.0
008 - DATOS DE LONGITUD FIJA
- campo de control de longitud fija: 230905|| acn||aabn | a|a d
024 7# - OTROS IDENTIFICADORES NORMALIZADOS
- Fuente: orcid
- Número normalizado o código: https://orcid.org/0000-0001-8538-4004
040 ## - FUENTE DE CATALOGACIÓN
- Agencia original de catalogación: MX-MxUPN
100 ## - ENCABEZAMIENTO - NOMBRE PERSONAL
- Nombre personal: López Guzmán, Jorge Alberto
370 ## - LUGAR ASOCIADO
- Associated country: Colombia
371 ## - DIRECCIÓN
- Electronic mail address: lopezg@unicauca.edu.co
372 ## - CAMPO DE ACTIVIDAD
- Field of activity: Antropología
- Field of activity: Gobierno y políticas públicas.
373 ## - GRUPO ASOCIADO
- Associated group: Universidad del Cauca, Popayán
374 ## - OCUPACIÓN
- Occupation: Profesor universitario
670 ## - FUENTE EN LA QUE SE LOCALIZARON DATOS
- Cita de la fuente: En recurso en línea: Revista latinoamericana de educación y estudios interculturales. Vol. 6, no. 3 (2022), p. 39
- Información localizada: (Jorge Alberto López Guzmán)
- Uniform Resource Identifier: https://drive.google.com/file/d/1NvasbbtdnxdIiEZ5ue5gfyfcadjtRrGA/view
902 ## - CATALOGADOR
- Catalogador: BLSM/050923
